Parent Trap Multiple Choice - Statistics

General Stats
  • This quiz has been taken 62 times
  • The average score is 13 of 15
Answer Stats
Question Answer % Correct
What do they both like to eat with Oreos? Peanut Butter
96%
What sport were the twins playing when they first met? Fencing
95%
What is the name of the butler in the James' household? Martin
95%
What is the name of her father? Nick Parker
95%
What is the name of the twin that lives in London, England? Annie
93%
Who smells like tobacco pipe and peppermints? Grandfather
93%
What was the name of the camp that both twins attended? Camp Walden for Girls
91%
What is the name of her mother? Elizabeth James
91%
What is the name of the twin that lives in Napa, California? Hallie
91%
What is the name of the nanny in the Parker household? Chessy
89%
What is the name of the woman their father is engaged to? Meredith Blake
89%
What food are both the twins allergic to? Strawberries
87%
When are the twins birthdays? October 11
84%
What were both twins given when they were born? Locket
65%
Where abouts did their parents meet again? San Francisco
45%
No matching quizzes found
Score Distribution
Percent of People with Each Score
Percentile by Number Answered
Your Score History
You have not taken this quiz